Introducción al pensamiento de minerales

Bibliographic Details
Main Authors: Kelly, Errol G., Spottiswood, David J
Format: Section = Libro
Language:Undetermined
Spanish
Published: México Limusa 1990
Subjects:
LEADER 00614nam a2200229Ia 4500
008 240830s9999 xx 000 0 und d
020 |a 968-18-3337-6 
040 |a CEDOC FIQ-RUSB / 622 K29 
041 |a spa 
082 |a 622 K29 
100 1 |a Kelly, Errol G. 
100 1 |b Spottiswood, David J 
245 1 0 |a Introducción al pensamiento de minerales 
260 |a México  |b Limusa  |c 1990 
300 |a 530 p. :il 
650 7 |a MINERIA - PROCESAMIENTO 
650 7 |b  DINAMICA DE FLUIDOS 
650 7 |c  TRITURACION Y MOLIENDA 
650 7 |d  CLASIFICACION MINERALES 
942 |c BK  |2 ddc 
991 |a TEXTO 
999 |c 13606